| 000 | 00647nam a2200157 a 4500 | ||
|---|---|---|---|
| 008 | 120416s1967 ||||||||||||||||| || u | ||
| 050 | _aQD 189 Blo | ||
| 100 | _aBloom, Harry | ||
| 245 | 1 | 4 | _aThe chemistry of molten salts |
| 246 | _aan introduction to the physical and inorganic chemistry of molten salts and salt vapors | ||
| 260 |
_aNew York _bW. A. Benjamin _c1967 |
||
| 350 | _a0.00 | ||
| 650 | _aCHEMISTRY-- MOLTEN SALTS | ||
| 650 | 0 | _aCHEMISTRY--HANDBOOKS, MANUALS, ETC | |
| 995 |
_D0.00 _FCBU-MAIN LIBRARY (Kitwe) _H1 _I6.95 _M1 _UAVAILABLE _WMar 9, 2007 _ZAnnex Low-Usage Collection |
||
| 999 |
_c37216 _d37216 |
||